Normal view
MARC view
- Saeed, Lt Col Ahmad
Entry Personal Name
001 - CONTROL NUMBER
- control field: 36072
003 - CONTROL NUMBER IDENTIFIER
- control field: NUST
005 - DATE AND TIME OF LATEST TRANSACTION
- control field: 20210312152104.0
008 - FIXED-LENGTH DATA ELEMENTS
- fixed length control field: 210312|| aca||aabn | a|a d
040 ## - CATALOGING SOURCE
- Original cataloging agency: NUST
- Transcribing agency: NUST
100 ## - HEADING--PERSONAL NAME
- Personal name: Saeed, Lt Col Ahmad
670 ## - SOURCE DATA FOUND
- Source citation: Work cat.: (NUST)15103: Saeed, Lt Col Ahmad, Battle of Chhamb 1971, 1971.
